Российский сыщик Иван Дмитриевич Путилин. Т. 1: 40 лет среди убийц и грабителей (Запись № 4634877)

Подробности
000 -МАРКЕР
контрольное поле 01766nam2a2200313 4500
001 - ИДЕНТИФИКАТОР ЗАПИСИ
контрольное поле RU\NLR\bibl\2062904
005 - ИДЕНТИФИКАТОР ВЕРСИИ
контрольное поле 20260405195650.0
010 ## - МЕЖДУНАРОДНЫЙ СТАНДАРТНЫЙ НОМЕР КНИГИ (ISBN)
Номер (ISBN) 978-5-4224-0651-7
Уточнения Т. 1
010 ## - МЕЖДУНАРОДНЫЙ СТАНДАРТНЫЙ НОМЕР КНИГИ (ISBN)
Номер (ISBN) 978-5-4224-0650-0
021 ## - НОМЕР ГОСУДАРСТВЕННОЙ РЕГИСТРАЦИИ
Код страны Российская Федерация
Номер 2013-55139
Номер Листа государственной регистраци 3817
035 ## - ДРУГИЕ СИСТЕМНЫЕ НОМЕРА
Идентификатор записи (NLR Aleph) 002049562
100 ## - ДАННЫЕ ОБЩЕЙ ОБРАБОТКИ
Данные общей обработки 20130814d2013 |||y0rusy50 ca
101 0# - ЯЗЫК РЕСУРСА
Язык текста, звукозаписи и т.д. русский
102 ## - СТРАНА ПУБЛИКАЦИИ ИЛИ ПРОИЗВОДСТВА
Страна публикации Российская Федерация
105 ## - ПОЛЕ КОДИРОВАННЫХ ДАННЫХ: ТЕКСТОВЫЕ МАТЕРИАЛЫ, МОНОГРАФИЧЕСКИЕ
Кодированные данные о монографическом текстовом документе a |||||||||
200 1# - ЗАГЛАВИЕ И СВЕДЕНИЯ ОБ ОТВЕТСТВЕННОСТИ
Основное заглавие 40 лет среди убийц и грабителей
Сведения, относящиеся к заглавию рассказы
Первые сведения об ответственности И.Д. Путилин
Последующие сведения об ответственности [ил. худож. И.С. Щедровского]
215 ## - ФИЗИЧЕСКАЯ ХАРАКТЕРИСТИКА
Специфическое обозначение материала и объем 397, [2] с.
Другие сведения о физической характеристике ил.
327 1# - ПРИМЕЧАНИЯ О СОДЕРЖАНИИ
Текст примечания Содерж.: Иван Дмитриевич Путилин: из записок и воспоминаний судебного деятеля/ Кони А.Ф. 40 лет среди грабителей и убийц/ Путилин И.Д. Прил.: Очерки некоторых видов воровства в Петербурге; Условный язык петербургских мошенников, известный под именем "музыки", или "байкового" языка
461 #0 - УРОВЕНЬ НАБОРА
Встроенное поле 001RU\NLR\bibl\2066551
-- 2001#$aРоссийский сыщик Иван Дмитриевич Путилин$vТ. 1
Системный номер (АБИС) связанной записи 4650632
Место публикации Москва
Дата публикации 2013
Имя издателя, распространителя и т.д. Терра
Сведения, относящиеся к заглавию [в 2 т.]
Заглавие Российский сыщик Иван Дмитриевич Путилин
Номер тома Т. 1
686 2# - ИНДЕКСЫ ДРУГИХ КЛАССИФИКАЦИЙ
Индекс Ш6(2=Р)58
702 #1 - ИМЯ ЛИЦА - ВТОРИЧНАЯ ОТВЕТСТВЕННОСТЬ
Код отношения Карикатурист, Художник
Материалы, к которым относится поле rus
Графика поля Кириллица
Начальный элемент ввода Щедровский
Часть имени, кроме начального элемента ввода И. С.
Дополнения к именам, кроме дат художник
Даты 1815-1870
Расширение инициалов личного имени Игнатий Степанович
Идентификатор авторитетной/нормативной записи RU\NLR\auth\7787330
Системный номер авторитетной/нормативной записи 70258
801 #0 - ИСТОЧНИК ЗАПИСИ
Страна Российская Федерация
Организация NLR
Дата составления 20130814
Правила каталогизации RCR
801 #1 - ИСТОЧНИК ЗАПИСИ
Страна Российская Федерация
Организация NLR
Дата составления 20130814
942 ## - ДОПОЛНИТЕЛЬНЫЕ ЭЛЕМЕНТЫ ЗАПИСИ (АБИС)
Тип экземпляра АБИС Книга
980 ## - КОЛЛЕКЦИЯ
Название коллекции Национальная библиография
Экземпляры
Тип экземпляра Дата поступления Источник поступления Библиотека постоянного хранения Библиотека текущего хранения Место хранения Шифр хранения Штрих-код Статус экземпляра
Книга 14.08.2013 Обязательный экземпляр РНБ (Московский) РНБ (Московский) Русский книжный фонд: издания с 1957 года 2013-5/5989 3938345  
Книга 14.08.2013 Обязательный экземпляр РНБ (Московский) РНБ (Московский) Русский книжный фонд: издания с 1957 года 2013-5/5989 3938350